LEADER 01027nam a2200229 4500 001 991003601159707536 008 190130s1932 it c 000 0 ita d 035 $ab14358281-39ule_inst 040 $aBibl. Dip.le Aggr. DiSTeBA - Sez. Biologia$beng 082 $a597.92$222 100 1 $aParenzan, Pietro$084983 245 10$aRevisione delle specie del gen. testudo della Balcania /$cPietro Parenzan 264 1$aVenezia :$btip. Ferrari,$c1932 300 $ap. 1150-1169, [5] charte of tables. :$bill. ;$c25 cm 590 $aEstr. da: Atti del Reale Istituto veneto di scienze, lettere ed arti. - Venezia. - A. acc. 1931-932, t. 91, pt. 2 650 4$aTortoise$zAlbania 907 $a.b14358281$b31-01-19$c30-01-19 912 $a991003601159707536 945 $aLE003 Fondo Parenzan 597 PAR1 (1932) (Arm. 25)$g1$lle003$og$pE0.00$q-$rs$s- $t0$u0$v0$w0$x0$y.i15875428$z31-01-19 996 $aRevisione delle specie del gen. testudo della Balcania$91749558 997 $aUNISALENTO 998 $ale003$b30-01-19$cm$da $e $fita$git $h0$i0 LEADER 01154nam a2200289 i 4500 001 991002152219707536 005 20020508191343.0 008 010704s1973 it 000 0 ita d 035 $ab10966912-39ule_inst 035 $aPARLA156270$9ExL 040 $aDip.to Filosofia$bita 082 0 $a153.15 100 1 $aTitone, Renzo$0446808 245 10$aBilingui a tre anni /$cRenzo titone 260 $aRoma :$bArmando,$c1973 300 $a129 p. :$bill. ;$c21 cm 490 0 $aSerie di linguistica teorica e applicata ;$v3 650 4$aBilinguismo 650 4$aLingue$xApprendimento 907 $a.b10966912$b23-02-17$c28-06-02 912 $a991002152219707536 945 $aLE008 FL.M. (f.r.) XXVIII 26$g1$i2008000527495$lle008$o-$pE0.00$q-$rl$s- $t0$u2$v1$w2$x0$y.i12472311$z01-04-03 945 $aLE005IF XXIX A 25$g1$iLE005IFA-7210$lle005$o-$pE0.00$q-$rl$s- $t0$u0$v0$w0$x0$y.i11077074$z28-06-02 945 $aLE022 MP 70 I 37$g1$i2022000058421$lle022$o-$pE0.00$q-$rl$s- $t0$u0$v0$w0$x0$y.i13129417$z15-03-04 996 $aBilingui a tre anni$9863618 997 $aUNISALENTO 998 $ale008$ale005$ale022$b01-01-01$cm$da $e-$fita$git $h0$i3 LEADER 02057oam 2200433 450 001 9910704788703321 005 20131227143058.0 035 $a(CKB)5470000002443834 035 $a(OCoLC)866851760 035 $a(OCoLC)995470000002443834 035 $a(EXLCZ)995470000002443834 100 $a20131227d2013 ua 0 101 0 $aeng 135 $aurcn||||||||| 181 $2rdacontent 182 $2rdamedia 183 $2rdacarrier 200 10$aSimulations of groundwater flow, transport, and age in Albuquerque, New Mexico, for a Study of Transport of Anthropogenic and Natural Contaminants (TANC) to public-supply wells /$fby Charles E. Heywood ; National Water-Quality Assessment Program 210 1$aReston, Virginia :$cU.S. Geological Survey,$d2013. 215 $a1 online resource (ix, 51 pages) $ccolor illustrations 225 1 $aScientific investigations report ;$v2012-5242 300 $aTitle from title screen (viewed on Dec.10, 2013). 320 $aIncludes bibliographical references (pages 44-46). 517 $aSimulations of groundwater flow, transport, and age in Albuquerque, New Mexico, for a Study of Transport of Anthropogenic and Natural Contaminants 606 $aGroundwater flow$zNew Mexico$zAlbuquerque$xComputer simulation 606 $aGroundwater$xPollution$zNew Mexico$zAlbuquerque$xComputer simulation 615 0$aGroundwater flow$xComputer simulation. 615 0$aGroundwater$xPollution$xComputer simulation. 700 $aHeywood$b Charles E.$01409183 712 02$aTransport of Anthropogenic and Natural Contaminants (TANC) to Public-Supply Wells (Study) 712 02$aNational Water-Quality Assessment Program (U.S.), 712 02$aGeological Survey (U.S.), 801 0$bGPO 801 1$bGPO 801 2$bGPO 906 $aBOOK 912 $a9910704788703321 996 $aSimulations of groundwater flow, transport, and age in Albuquerque, New Mexico, for a Study of Transport of Anthropogenic and Natural Contaminants (TANC) to public-supply wells$93532186 997 $aUNINA LEADER 04089nam 2200889 450 001 9910811885203321 005 20230807221115.0 010 $a0-271-06735-7 024 7 $a10.1515/9780271067353 035 $a(CKB)3710000000450484 035 $a(SSID)ssj0001519976 035 $a(PQKBManifestationID)12645101 035 $a(PQKBTitleCode)TC0001519976 035 $a(PQKBWorkID)11521529 035 $a(PQKB)11224545 035 $a(MiAaPQ)EBC6224665 035 $a(DE-B1597)583938 035 $a(DE-B1597)9780271067353 035 $a(OCoLC)1253313866 035 $a(EXLCZ)993710000000450484 100 $a20200930d2015 uy 0 101 0 $aeng 135 $aurcnu|||||||| 181 $ctxt 182 $cc 183 $acr 200 10$aPosters for peace $evisual rhetoric & civic action /$fThomas W. Benson 210 1$aUniversity Park, Pennsylvania :$cPennsylvania State University Press,$d[2015] 210 4$dİ2015 215 $a1 online resource (x, 214 pages) $cillustrations 300 $aBibliographic Level Mode of Issuance: Monograph 311 $a0-271-06586-9 320 $aIncludes bibliographical references (pages 191-205) and index. 327 $tFrontmatter -- $tContents -- $tPreface -- $tAcknowledgments -- $tPosters for Peace -- $tPosters for Peace: Visual Rhetoric and Civic Action -- $tA Time to Kill, and a Time to Heal -- $tBe Young and Shut Up -- $tPeace Is Patriotic -- $tWe Are Exporting Democracy -- $tThe Berkeley peace posters in the Penn State University Collection -- $tPlates -- $tNotes -- $tSources -- $tIndex 330 $aBy the spring of 1970, Americans were frustrated by continuing war in Vietnam and turmoil in the inner cities. Students on American college campuses opposed the war in growing numbers and joined with other citizens in ever-larger public demonstrations against the war. Some politicians?including Ronald Reagan, Spiro Agnew, and Richard Nixon?exploited the situation to cultivate anger against students. At the University of California at Berkeley, student leaders devoted themselves, along with many sympathetic faculty, to studying the war and working for peace. A group of art students designed, produced, and freely distributed thousands of antiwar posters. Posters for Peace tells the story of those posters, bringing to life their rhetorical iconography and restoring them to their place in the history of poster art and political street art. The posters are vivid, simple, direct, ironic, and often graphically beautiful. Thomas Benson shows that the student posters from Berkeley appealed to core patriotic values and to the legitimacy of democratic deliberation in a democracy?even in a time of war. 606 $aPolitical posters, American$zCalifornia$zBerkeley$xHistory$y20th century 606 $aVietnam War, 1961-1975$xProtest movements$zCalifornia$zBerkeley$vPosters 607 $aUnited States$xPolitics and government$y1969-1974$vPosters 610 $a1960s. 610 $aAntiwar. 610 $aAtelier Populaire. 610 $aBerkeley. 610 $aDeliberation. 610 $aDissent. 610 $aGraffiti. 610 $aGraphic art. 610 $aIraq War. 610 $aKent State. 610 $aNew Deal. 610 $aParis 1968. 610 $aParis. 610 $aPeace. 610 $aPeople?s Park. 610 $aPolitical posters. 610 $aPosters. 610 $aProtest. 610 $aRhetoric. 610 $aRichard M. Nixon. 610 $aRome. 610 $aSilk screen. 610 $aSpiro T. Agnew. 610 $aStreet art. 610 $aStudents. 610 $aVietnam War. 610 $aVisual Rhetoric. 610 $aWar. 615 0$aPolitical posters, American$xHistory 615 0$aVietnam War, 1961-1975$xProtest movements 676 $a959.70431 700 $aBenson$b Thomas W.$0709735 801 0$bMiAaPQ 801 1$bMiAaPQ 801 2$bMiAaPQ 906 $aBOOK 912 $a9910811885203321 996 $aPosters for peace$94025698 997 $aUNINA